مدونة القانون الدولي للعمل : (Record no. 24942)

MARC details
000 -الفاتح
حقل البيانات ثابتة الطول 01152nam a22002655a 4500
003 - محدد رقم الضبط
رقم الضبط OSt
005 - وقت وتاريخ اخر تعامل مع التسجيلة
رقم الضبط 20201124142956.0
008 - عناصر البيانات ثابتة الطول - معلومات عامة
حقل البيانات ثابتة الطول 170615s2010 ua a grb 000 0 ara d
017 ## - رقم الإيداع القانونى
رقم الإيداع القانونى 2010 / 3435
040 ## - مصدر الفهرسة
وكالة الفهرسة الأصلية EG-ScBUE
لغة الفهرسة ara
وكالة النسخ EG-ScBUE
082 04 - رقم تصنيف ديوى العشرى
رقم الطبعة 22
رقم المادة 344.01
رقم التصنيف د ح ل
100 1# - المدخل الرئيسى - إسم شخصى
الإسم الشخصى دحلان، عبد الله صادق،
التواريخ المصاحبة للاسم 1353 هجريا-
245 10 - بيان العنوان
العنوان مدونة القانون الدولي للعمل :
بقية العنوان منظمة العمل الدولية والتشريع الدولي للعمل 1919 - 2009 /
بيان المسئوليه,etc عبد الله بن صادق دحلان، عدنان خليل التلاوي.
250 ## - بيان الطبعة
بيان الطبعة ط. 1.
260 ## - PUBLICATION, DISTRIBUTION, ETC. (IMPRINT)
مكان الناشر او الموزع الجيزة، مصر :
اسم الناشر او الموزع المكتبة الأكاديمية،
تاريخ النشر أو التوزيع 2010.
300 ## - الوصف المادى
التعداد 784 ص. :
تفاصيل ماديه اخرى للوعاء إيض. ؛
أبعاد الوعاء 24 سم.
504 ## - تبصرة ببليوجرافية
تبصرة ببليوجرافية,الخ يشتمل على إرجاعات ببليوجرافية.
546 ## - تبصرة اللغة
تبصرة اللغة النص باللغتين العربية والإنجليزية.
590 ## - تبصرة محلية(RLIN)
تبصرة محلية دعاء
650 #7 - المدخل الاضافى بالموضوع-مصطلح موضوعى
مصدر الرأس أو المصطلح BUEsh
مصطلح موضوعي أو اسم جغرافي كعنصر مدخل العمل والعمال (قانون دولي)
650 #7 - المدخل الاضافى بالموضوع-مصطلح موضوعى
مصدر الرأس أو المصطلح BUEsh
مصطلح موضوعي أو اسم جغرافي كعنصر مدخل الموظفون الدوليون.
653 ## - مصطلح تكشيفى غير مقيد
Resource For college Generalities
Arrived date list June2017
700 1# - المدخل الاضافى - اسم شخصى
الإسم الشخصى التلاوي، عدنان خليل،
9 (RLIN) 14977
942 ## - عناصر المدخل الإضافي( كوها)
مصدر التصنيف او مخطط الترفيف Dewey Decimal Classification
Holdings
حالة التراجع حالة الفقد مصدر التصنيف او خطة الترفيف حالة تلف ليس للاعارة مجموعات كوها المكان الدائم المكان الحالي موقع الترفيف تاريخ الاكتساب Source of acquisition سعر الشراء الطبيعي تعداد مسلسل / التسلسل الزمني رقم الاستدعاء الباركود Date last seen التكلفة نوع الوعاء
    Dewey Decimal Classification     Academic Bookshop Central Library Central Library First floor 21/06/2017 Purchase 140.00 4861 د ح ل 344.01 000041956 15/07/2025 175.00 Book - Borrowing